000
00310nam a2200121Ia 4500
008
190722s9999 xx 000 0 und d
020
_a
978-93-80027-19-7
100
_a
Vikram Bali/ Shivani Bali
245
0
_a
Sofftware Engineering
260
_a
New Delhi
_b
S.K. Kataria & Sons
_c
2014
300
_a
430
942
_c
BK
999
_c
116
_d
116